| 000 | 00424nam a2200157Ia 4500 | ||
|---|---|---|---|
| 003 | LK-CoDNM | ||
| 008 | 010623t1956 xxu||||| |||| 00| 1 eng d | ||
| 040 |
_aLK-CoDNM _dLK-CoDNM _eLK-CoDNM |
||
| 041 | _aeng | ||
| 080 | _a14 F 12 | ||
| 100 | _aDevendra,D.T. | ||
| 245 | _aThe Ancient Parakrama-Pura Now Called Panduwas Nuvara | ||
| 260 |
_bArchaeological Dept. _aColombo _c1956 |
||
| 300 | _b20p,ills., 18 cm | ||
| 942 | _cBK | ||
| 999 |
_c104125 _d104125 |
||